000 00341nam a2200133Ia 4500
008 210716s1992 xx 000 0 und d
041 _aeng
082 _a330 DHII
100 _aDhingra, I C; Garg, V K.
245 _aIntroductory economic theory.
260 _aNew Delhi
_bSultan chand & sons
_c1992
300 _a414
650 _aEconomics
999 _c202258
_d202258